000 00569nam a2200181Ia 4500
008 140626s9999 xx 000 0 und d
100 _aRoberts, Walter.
245 _aSeparating automatic and intentional inhibitory mechanism of attention in adults with Attention Deficit/Hyperactivity Disorder /
_cWalter Roberts ... [et al.].
260 _cc2011.
300 _a120 : 1, page 223
440 _aJournal of Abnormal Psychology
521 _aPSYCH
650 _aADHD.
650 _aAutomatic.
650 _aInhibition.
650 _aIntentional.
942 _cSE
999 _c121276
_d121276